000 00697nam a2200265Ia 4500
003 OSt
005 20221007100300.0
006 a|||||r|||| 00| 0
007 ta
008 221006b |||||||| |||| 00| 0 eng d
024 _a4,153
037 _cTextual
040 _aLCO
_cLCO
_beng
041 _2eng
_aeng
082 _aV2,3:3, L9.2
100 _aKAUL M N
245 0 _aPractice and procedure of parliament
260 _aDelhi
_bMetropolitan
_c1979
300 _a441-998
490 _vVol - 2
650 _aPARLIAMENT
_9589871
700 _a SHAKDHER S L
942 _hV2,3:3, L9.2
_cTEXL
999 _c1173716
_d1173716